[Event "ESP-ch U16"]
[Site "Padron"]
[Date "2008.07.22"]
[Round "5"]
[White "Gomez Dominguez, Xabier"]
[Black "Pardo Simon, Leticia"]
[Result "0-1"]
[WhiteElo "1977"]
[BlackElo "1809"]
[PlyCount "88"]
[EventDate "2008.07.20"]
[EventType "swiss"]
[EventRounds "9"]
[EventCountry "ESP"]
[SourceTitle "EXT 2010"]
[Source "ChessBase"]
[SourceDate "2010.11.25"]
[SourceVersion "1"]
[SourceVersionDate "2010.11.25"]
[SourceQuality "1"]

1. Nf3 Nf6 2. g3 b6 3. Bg2 Bb7 4. d3 e6 5. e4 d6 6. 0-0 Be7 7. c3 c5 8. h3 0-0 9. Be3 Nbd7 10. Nh2 Qc7 11. Nd2 Rac8 12. f4 Ne8 13. f5 d5 14. g4 Nd6 15. Bf4 e5 16. Bg3 d4 17. c4 f6 18. Ndf3 Nf7 19. h4 Qd8 20. Qc1 Re8 21. Be1 Nf8 22. Bd2 Nd7 23. g5 Nd6 24. Ng4 Kf7 25. h5 Rg8 26. gxf6 Bxf6 27. Bg5 Ke8 28. h6 Bxg5 29. Nxg5 gxh6 30. Ne6 Qh4 31. Nxh6 Rg3 32. Qd2 Re3 33. Ng7+ Kf8 34. Ne6+ Ke7 35. Rf3 Qxh6 36. Rg3 Ne8 37. Rf1 Ndf6 38. Rff3 Qh4 39. Qf2 Ng4 40. Rxg4 Qxg4 41. Rxe3 dxe3 42. Qxe3 Nf6 43. Qh6 Qd1+ 44. Bf1 Rg8+ 0-1

[Event "ESP-chT U16"]
[Site "Aviles"]
[Date "2008.06.27"]
[Round "4.4"]
[White "Calvo Barreda, Alicia"]
[Black "Pardo Simon, Leticia"]
[Result "0-1"]
[WhiteElo "1463"]
[BlackElo "1763"]
[PlyCount "58"]
[EventDate "2008.06.25"]
[EventType "team-swiss"]
[EventRounds "6"]
[EventCountry "ESP"]
[SourceTitle "EXT 2010"]
[Source "ChessBase"]
[SourceDate "2010.11.25"]
[SourceVersion "1"]
[SourceVersionDate "2010.11.25"]
[SourceQuality "1"]

1. e4 d5 2. exd5 Qxd5 3. Nc3 Qa5 4. d4 c6 5. Nf3 Nf6 6. Bc4 Bf5 7. Bd2 e6 8. 0-0 Qc7 9. Re1 Bd6 10. Ne5 0-0 11. h3 Nbd7 12. Bf4 Nb6 13. Bb3 Rad8 14. Qe2 Rfe8 15. g4 Bg6 16. Bg5 Be7 17. Rad1 Nbd5 18. Nxd5 exd5 19. f4 Be4 20. c4 h6 21. Bh4 Nh7 22. Qf2 Bxh4 23. Qxh4 f6 24. cxd5 Bxd5 25. Nc4 Qxf4 26. Rf1 Qe4 27. Qg3 Ng5 28. Kh2 Nf3+ 29. Kg2 Nd2+ 0-1

[Event "Cullera op-B"]
[Site "Cullera"]
[Date "2007.07.12"]
[Round "8"]
[White "Tejedor Barber, Lorenzo"]
[Black "Pardo Simon, Leticia"]
[Result "1-0"]
[WhiteElo "2002"]
[BlackElo "1799"]
[PlyCount "51"]
[EventDate "2007.07.07"]
[EventType "swiss"]
[EventRounds "8"]
[EventCountry "ESP"]
[SourceTitle "CBM 119 Extra"]
[Source "ChessBase"]
[SourceDate "2007.09.04"]
[SourceVersion "1"]
[SourceVersionDate "2007.09.04"]
[SourceQuality "1"]

1. e4 d5 2. exd5 Qxd5 3. Nc3 Qa5 4. Bc4 Nf6 5. d3 c6 6. Bd2 Bg4 7. f3 Bf5 8. Qe2 e6 9. g4 Bg6 10. 0-0-0 Nbd7 11. h4 h6 12. Nd5 Qd8 13. Nf4 Bh7 14. Bxe6 Qe7 15. g5 fxe6 16. gxf6 Nxf6 17. Nxe6 Kf7 18. Re1 Bf5 19. Nd4 Qc5 20. Nxf5 Qxf5 21. Qh2 Nd5 22. Re4 Bc5 23. c4 Bxg1 24. Rxg1 Nf6 25. Qc7+ Qd7 26. Rxg7+ 1-0

[Event "Benidorm op 20th"]
[Site "Benidorm"]
[Date "2007.04.23"]
[Round "1"]
[White "Pardo Simon, Leticia"]
[Black "Swinkels, Robin"]
[Result "0-1"]
[WhiteElo "1799"]
[BlackElo "2422"]
[PlyCount "104"]
[EventDate "2007.04.23"]
[EventType "swiss"]
[EventRounds "10"]
[EventCountry "ESP"]
[SourceTitle "CBM 118 Extra"]
[Source "ChessBase"]
[SourceDate "2007.07.04"]
[SourceVersion "1"]
[SourceVersionDate "2007.07.04"]
[SourceQuality "1"]

1. e4 c5 2. Nc3 Nc6 3. Bb5 Nd4 4. Bc4 e6 5. Nf3 Nxf3+ 6. Qxf3 Ne7 7. d3 Nc6 8. Be3 Be7 9. Qg3 0-0 10. 0-0 Bh4 11. Qf3 d6 12. Bb3 Rb8 13. a3 b5 14. Qd1 Bf6 15. Qe2 Qc7 16. Bd2 Nd4 17. Qd1 Bd7 18. Rb1 Nxb3 19. cxb3 a5 20. Ne2 b4 21. a4 Bc6 22. Be3 Rbc8 23. Qc2 Bb7 24. Rfc1 Qd7 25. Qd2 Rfd8 26. Bg5 Qe7 27. Bxf6 Qxf6 28. Qf4 Qe7 29. Ng3 Rc7 30. Rc2 Bc8 31. Rbc1 e5 32. Qd2 Be6 33. Rc4 g6 34. f3 f6 35. Rf1 Bxc4 36. dxc4 Qe6 37. Qd3 Rf7 38. Rd1 f5 39. Qd2 Kg7 40. Qg5 Rdd7 41. Nxf5+ Kh8 42. Ne3 Rf8 43. Nd5 Kg7 44. Qd2 h6 45. Ne3 Rh8 46. Qf2 Qf7 47. Qg3 Kh7 48. Qh4 Rf8 49. Ng4 Qf4 50. Qh3 Rff7 51. Nf2 Qe3 52. Kf1 Qxb3 0-1

[Event "Benidorm U16 op"]
[Site "Benidorm"]
[Date "2006.12.06"]
[Round "3"]
[White "Cruz Lledo, Pablo"]
[Black "Pardo Simon, Leticia"]
[Result "1/2-1/2"]
[WhiteElo "1887"]
[BlackElo "1879"]
[PlyCount "148"]
[EventDate "2006.12.05"]
[EventType "swiss"]
[EventRounds "7"]
[EventCountry "ESP"]
[SourceTitle "CBM 115 Extra"]
[Source "ChessBase"]
[SourceDate "2007.01.10"]
[SourceVersion "1"]
[SourceVersionDate "2007.01.10"]
[SourceQuality "1"]

1. d4 Nf6 2. c4 e6 3. Nc3 Bb4 4. a3 Bxc3+ 5. bxc3 b6 6. f3 0-0 7. e4 d6 8. Be3 Nbd7 9. Ne2 Re8 10. g4 Bb7 11. Ng3 Nf8 12. Be2 c5 13. Rb1 Rb8 14. 0-0 Qc7 15. Qc2 Ng6 16. Rbd1 h6 17. Bd3 Ne7 18. Qd2 e5 19. Bxh6 g6 20. Nf5 Nh7 21. Nxe7+ Qxe7 22. Be3 Ba6 23. Be2 Rbd8 24. Qc1 exd4 25. cxd4 d5 26. Bd3 cxd4 27. Bf2 dxc4 28. Bxc4 Bxc4 29. Qxc4 Qxa3 30. Bxd4 Ng5 31. Rd3 Qe7 32. Be3 Rxd3 33. Qxd3 Rd8 34. Qe2 Rd7 35. Rd1 Rxd1+ 36. Qxd1 Ne6 37. Kg2 Qa3 38. Qd2 b5 39. f4 b4 40. f5 gxf5 41. gxf5 Nc7 42. Bc5 a5 43. Qd8+ Kh7 44. Qh4+ Kg8 45. f6 Qb2+ 46. Bf2 Ne6 47. Qg3+ Kh7 48. Qh3+ Kg8 49. Qg4+ Kh7 50. Qf5+ Kg8 51. e5 Qd2 52. Qf3 Qg5+ 53. Bg3 Qd2+ 54. Kf1 Qc1+ 55. Be1 Qf4 56. Ke2 Qxf3+ 57. Kxf3 b3 58. Bc3 a4 59. Bb2 Nc7 60. Ke2 Nb5 61. Kd3 a3 62. Ba1 b2 63. Bxb2 axb2 64. Kc2 Nc7 65. Kxb2 Ne6 66. Kc3 Kh7 67. Kc4 Kg6 68. Kd5 Kf5 69. Kd6 Ng5 70. h4 Nh7 71. Ke7 Kxe5 72. Kxf7 Nxf6 73. Kg6 Ke6 74. Kg5 Kf7 1/2-1/2